01003nam a2200229 a 4500001001000000003000500010005001700015008004100032010001100073011001100084040000900095100003400104245020400138260004100342500006000383502009500443650005800538650004100596650002900637650003700666856007000703000115758CHAP20220329144547.0190702s2019 mx a |sm |||||||spa d a112219 a113191 cCHAP1 aCastillejos López, Yutzill.10aAnálisis de la participación del programa prospera en las condiciones alimenticias de familias rurales en cuatro comunidades del Estado de Veracruzh[En línea]cpor Yutzill Castillejos López. aChapingo, Méx. :bEl autor,c2019. aPara ver el contenido del material haga clic en la liga aTesis (M.C. en Desarrollo Rural Regional) -- UACH. Dirección General de Control Regional14aAlimentaciónxProgramas de desarolloxEvaluación.14aComunidades ruralesxAlimentación.14aPobreza ruralzVeracruz.14aVeracruzxPolítica y gobierno. aFinding aiduhttp://10.13.5.2/tesis/sist115758.pdfzTeclea aquí